000 00718nam a2200241 u 4500
005 20220628073936.0
008 120625s2009 r 000 0 eng d
020 _a9789584520463
035 _aUPN01000185355
049 _aCG
050 4 _aPQ7889.3 M3.3
_bM4.6
100 1 _aMachado, Ana María,
_d1941-
_929089
245 1 0 _aMensaje para ti /
_cAna María Machado ; tr. de Santiago Ochoa.
260 _aBogotá :
_bNorma,
_c2009.
300 _a160 p.
440 0 _aZona libre
440 0 _aBiblioteca Ana María Machado
534 _pTítulo original:
_tMensagem para você
650 0 _aNovela brasileña
_95077
650 4 _aLITERATURA JUVENIL BRASILEÑA
_914184
905 _aLibro
999 _c157458
_d157458